Chemotaxis of freshly separated and cultured human keratinocytes
It is generally accepted that keratinocyte migration plays a critical role in the process of wound healing. A study was therefore made of the migratory response of freshly separated and cultured human keratinocytes to factors with chemotactic properties for a variety of cells. Interleukin-1alpha (IL...
Elmentve itt :
| Szerzők: | |
|---|---|
| Dokumentumtípus: | Cikk |
| Megjelent: |
1994
|
| Sorozat: | CLINICAL AND EXPERIMENTAL DERMATOLOGY
19 No. 4 |
| Tárgyszavak: | |
| doi: | 10.1111/j.1365-2230.1994.tb01201.x |
| mtmt: | 105842 |
| Online Access: | http://publicatio.bibl.u-szeged.hu/31958 |
| LEADER | 01724nab a2200265 i 4500 | ||
|---|---|---|---|
| 001 | publ31958 | ||
| 005 | 20250313162942.0 | ||
| 008 | 250313s1994 hu o 000 eng d | ||
| 022 | |a 0307-6938 | ||
| 024 | 7 | |a 10.1111/j.1365-2230.1994.tb01201.x |2 doi | |
| 024 | 7 | |a 105842 |2 mtmt | |
| 040 | |a SZTE Publicatio Repozitórium |b hun | ||
| 041 | |a eng | ||
| 100 | 1 | |a Gyulai Rolland Péter | |
| 245 | 1 | 0 | |a Chemotaxis of freshly separated and cultured human keratinocytes |h [elektronikus dokumentum] / |c Gyulai Rolland Péter |
| 260 | |c 1994 | ||
| 300 | |a 309-311 | ||
| 490 | 0 | |a CLINICAL AND EXPERIMENTAL DERMATOLOGY |v 19 No. 4 | |
| 520 | 3 | |a It is generally accepted that keratinocyte migration plays a critical role in the process of wound healing. A study was therefore made of the migratory response of freshly separated and cultured human keratinocytes to factors with chemotactic properties for a variety of cells. Interleukin-1alpha (IL-1alpha), interferon-gamma (IFN-gamma), interleukin-8 (IL-8), and tumour necrosis factor alpha (TNF-alpha) were tested for their chemotactic effectiveness in a modified Boyden chamber assay. IFN-gamma, IL-1alpha and IL-8 were demonstrated to serve as chemoattractants for freshly separated keratinocytes. For cultured cells, however, only IFN-gamma was found to display chemotactic properties. The findings demonstrate that there is significant difference between the chemotactic behaviour of freshly separated and cultured cells. | |
| 650 | 4 | |a Klinikai orvostan | |
| 700 | 0 | 1 | |a Hunyadi János |e aut |
| 700 | 0 | 2 | |a Kenderessy Szabó Anna |e aut |
| 700 | 0 | 2 | |a Kemény Lajos |e aut |
| 700 | 0 | 2 | |a Dobozy Attila |e aut |
| 856 | 4 | 0 | |u http://publicatio.bibl.u-szeged.hu/31958/1/aok_klny_36_94.pdf |z Dokumentum-elérés |